Tiếng Việt thực hành
Đã lưu trong:
| 主要作者: | |
|---|---|
| 格式: | 圖書 |
| 語言: | Undetermined |
| 出版: |
Hà Nội
Giáo dục
2005
|
| 主題: | |
| 標簽: |
添加標簽
沒有標簽, 成為第一個標記此記錄!
|
| Thư viện lưu trữ: | Trung tâm Học liệu Trường Đại học Cần Thơ |
|---|
| LEADER | 00580nam a2200205Ia 4500 | ||
|---|---|---|---|
| 001 | CTU_74323 | ||
| 008 | 210402s9999 xx 000 0 und d | ||
| 020 | |c 14400 | ||
| 082 | |a 495.9228 | ||
| 082 | |b T406 | ||
| 100 | |a Bùi, Minh Toán | ||
| 245 | 0 | |a Tiếng Việt thực hành | |
| 245 | 0 | |c Bùi Minh Toán chủ biên, Lê A, Đỗ Việt Hùng | |
| 260 | |a Hà Nội | ||
| 260 | |b Giáo dục | ||
| 260 | |c 2005 | ||
| 650 | |a Vietnamese language | ||
| 650 | |x Rhetoric | ||
| 904 | |i TUYEN | ||
| 980 | |a Trung tâm Học liệu Trường Đại học Cần Thơ | ||